MARC

LEADER 00000nam0a2200000 4500
001 216831
005 20231031194346.0
035 |a (RuTPU)RU\TPU\book\236804 
090 |a 216831 
100 |a 20120529d1971 km y0rusy50 ca 
101 1 |a rus  |c fre 
102 |a RU 
105 |a a z 001zy 
200 1 |a Инъекция грунтов. Принципы и мметоды  |e пер. с фр.  |f А. Камбефор 
210 |a Москва  |c Энергия  |d 1971 
215 |a 333 с.  |c ил. 
320 |a Библиогр.: с. 323-327. 
610 1 |a строительная механика 
610 1 |a грунты 
610 1 |a инъектируемые среды 
610 1 |a теория 
610 1 |a принципы 
610 1 |a растворы 
610 1 |a давление 
610 1 |a трещины 
610 1 |a полевые исследования 
610 1 |a промывка 
610 1 |a фильтрация 
610 1 |a трещиноватые породы 
610 1 |a песок 
610 1 |a гравий 
610 1 |a оборудование 
610 1 |a суспензии 
610 1 |a глины 
610 1 |a стабильные растворы 
610 1 |a битумы 
610 1 |a аэрированные растворы 
675 |a 624.138  |v 3 
700 1 |a Камбефор  |b А. 
801 1 |a RU  |b 63413507  |c 20120529 
801 2 |a RU  |b 63413507  |c 20121003  |g RCR 
942 |c BK